<?xml version="1.0" encoding="UTF-8"?>
<collection xmlns="http://www.loc.gov/MARC21/slim">
 <record>
  <leader>02679cam a2200637   4500</leader>
  <controlfield tag="001">01273473X</controlfield>
  <controlfield tag="003">DE-627</controlfield>
  <controlfield tag="005">20220427100100.0</controlfield>
  <controlfield tag="007">tu</controlfield>
  <controlfield tag="008">710101s1980    gw |||||      00| ||ger c</controlfield>
  <datafield tag="015" ind1=" " ind2=" ">
   <subfield code="a">80,N41,0273</subfield>
   <subfield code="2">dnb</subfield>
  </datafield>
  <datafield tag="015" ind1=" " ind2=" ">
   <subfield code="a">81,A06,0560</subfield>
   <subfield code="2">dnb</subfield>
  </datafield>
  <datafield tag="016" ind1="7" ind2=" ">
   <subfield code="a">800069471</subfield>
   <subfield code="2">DE-101</subfield>
  </datafield>
  <datafield tag="020" ind1=" " ind2=" ">
   <subfield code="a">3421025533</subfield>
   <subfield code="9">3-421-02553-3</subfield>
  </datafield>
  <datafield tag="035" ind1=" " ind2=" ">
   <subfield code="a">(DE-627)01273473X</subfield>
  </datafield>
  <datafield tag="035" ind1=" " ind2=" ">
   <subfield code="a">(DE-576)029328586</subfield>
  </datafield>
  <datafield tag="035" ind1=" " ind2=" ">
   <subfield code="a">(DE-599)GBV01273473X</subfield>
  </datafield>
  <datafield tag="035" ind1=" " ind2=" ">
   <subfield code="a">(OCoLC)8346367</subfield>
  </datafield>
  <datafield tag="035" ind1=" " ind2=" ">
   <subfield code="a">(OCoLC)08346367</subfield>
  </datafield>
  <datafield tag="040" ind1=" " ind2=" ">
   <subfield code="a">DE-627</subfield>
   <subfield code="b">ger</subfield>
   <subfield code="c">DE-627</subfield>
   <subfield code="e">rakwb</subfield>
  </datafield>
  <datafield tag="041" ind1=" " ind2=" ">
   <subfield code="a">ger</subfield>
  </datafield>
  <datafield tag="044" ind1=" " ind2=" ">
   <subfield code="c">XA-DE-BW</subfield>
  </datafield>
  <datafield tag="084" ind1=" " ind2=" ">
   <subfield code="a">20a</subfield>
   <subfield code="2">sdnb</subfield>
  </datafield>
  <datafield tag="084" ind1=" " ind2=" ">
   <subfield code="a">ZI 7400</subfield>
   <subfield code="2">rvk</subfield>
   <subfield code="0">(DE-625)rvk/156599:</subfield>
  </datafield>
  <datafield tag="084" ind1=" " ind2=" ">
   <subfield code="a">50.37</subfield>
   <subfield code="2">bkl</subfield>
  </datafield>
  <datafield tag="084" ind1=" " ind2=" ">
   <subfield code="a">56.14</subfield>
   <subfield code="2">bkl</subfield>
  </datafield>
  <datafield tag="100" ind1="1" ind2=" ">
   <subfield code="a">Gerner, Manfred</subfield>
   <subfield code="d">1939-</subfield>
   <subfield code="e">VerfasserIn</subfield>
   <subfield code="0">(DE-588)122169468</subfield>
   <subfield code="0">(DE-627)081778678</subfield>
   <subfield code="0">(DE-576)161096794</subfield>
   <subfield code="4">aut</subfield>
  </datafield>
  <datafield tag="245" ind1="1" ind2="0">
   <subfield code="a">Infrarottechnik, Fachwerkfreilegung</subfield>
   <subfield code="b">zerstörungsfreie Untersuchungsmethoden zur Entlastung und Gestaltung der Umwelt in den Bereichen Energieversorgung, Ökologie, Hochbau</subfield>
   <subfield code="c">Manfred Gerner; Falk Kynast; Wolfgang Schäfer</subfield>
  </datafield>
  <datafield tag="264" ind1=" " ind2="1">
   <subfield code="a">Stuttgart</subfield>
   <subfield code="b">Dt. Verl.-Anst.</subfield>
   <subfield code="c">1980</subfield>
  </datafield>
  <datafield tag="300" ind1=" " ind2=" ">
   <subfield code="a">144 S</subfield>
   <subfield code="b">zahlr. Ill., graph. Darst</subfield>
  </datafield>
  <datafield tag="336" ind1=" " ind2=" ">
   <subfield code="a">Text</subfield>
   <subfield code="b">txt</subfield>
   <subfield code="2">rdacontent</subfield>
  </datafield>
  <datafield tag="337" ind1=" " ind2=" ">
   <subfield code="a">ohne Hilfsmittel zu benutzen</subfield>
   <subfield code="b">n</subfield>
   <subfield code="2">rdamedia</subfield>
  </datafield>
  <datafield tag="338" ind1=" " ind2=" ">
   <subfield code="a">Band</subfield>
   <subfield code="b">nc</subfield>
   <subfield code="2">rdacarrier</subfield>
  </datafield>
  <datafield tag="500" ind1=" " ind2=" ">
   <subfield code="a">Literaturangaben</subfield>
  </datafield>
  <datafield tag="583" ind1="1" ind2=" ">
   <subfield code="a">Archivierung/Langzeitarchivierung gewährleistet</subfield>
   <subfield code="f">PEBW</subfield>
   <subfield code="2">pdager</subfield>
   <subfield code="5">DE-24</subfield>
  </datafield>
  <datafield tag="650" ind1=" " ind2="4">
   <subfield code="a">Fachwerk</subfield>
  </datafield>
  <datafield tag="689" ind1="0" ind2="0">
   <subfield code="d">s</subfield>
   <subfield code="0">(DE-588)4071095-6</subfield>
   <subfield code="0">(DE-627)106098640</subfield>
   <subfield code="0">(DE-576)209182814</subfield>
   <subfield code="a">Fachwerkbau</subfield>
   <subfield code="2">gnd</subfield>
  </datafield>
  <datafield tag="689" ind1="0" ind2="1">
   <subfield code="d">s</subfield>
   <subfield code="0">(DE-588)4242353-3</subfield>
   <subfield code="0">(DE-627)104850213</subfield>
   <subfield code="0">(DE-576)210445505</subfield>
   <subfield code="a">Infrarotthermographie</subfield>
   <subfield code="2">gnd</subfield>
  </datafield>
  <datafield tag="689" ind1="0" ind2=" ">
   <subfield code="5">(DE-627)</subfield>
  </datafield>
  <datafield tag="689" ind1="1" ind2="0">
   <subfield code="d">s</subfield>
   <subfield code="0">(DE-588)4059835-4</subfield>
   <subfield code="0">(DE-627)106142143</subfield>
   <subfield code="0">(DE-576)209132388</subfield>
   <subfield code="a">Thermografie</subfield>
   <subfield code="2">gnd</subfield>
  </datafield>
  <datafield tag="689" ind1="1" ind2="1">
   <subfield code="d">s</subfield>
   <subfield code="0">(DE-588)4139209-7</subfield>
   <subfield code="0">(DE-627)105637084</subfield>
   <subfield code="0">(DE-576)209692472</subfield>
   <subfield code="a">Fachwerk</subfield>
   <subfield code="2">gnd</subfield>
  </datafield>
  <datafield tag="689" ind1="1" ind2=" ">
   <subfield code="5">(DE-627)</subfield>
  </datafield>
  <datafield tag="700" ind1="1" ind2=" ">
   <subfield code="a">Kynast, Falk</subfield>
   <subfield code="e">VerfasserIn</subfield>
   <subfield code="4">aut</subfield>
  </datafield>
  <datafield tag="700" ind1="1" ind2=" ">
   <subfield code="a">Schaefer, Wolfgang</subfield>
   <subfield code="e">VerfasserIn</subfield>
   <subfield code="0">(DE-627)1255044411</subfield>
   <subfield code="0">(DE-576)185044417</subfield>
   <subfield code="4">aut</subfield>
  </datafield>
  <datafield tag="787" ind1="0" ind2="8">
   <subfield code="i">Rezension</subfield>
   <subfield code="a">Bongartz, Norbert</subfield>
   <subfield code="t">Manfred Gerner, Falk Kjnast, Wolfgang Schäfer, Infrarottechnik - Fachwerkfreilegung</subfield>
   <subfield code="d">1981</subfield>
   <subfield code="w">(DE-627)147790722X</subfield>
   <subfield code="w">(DE-576)40790722X</subfield>
  </datafield>
  <datafield tag="935" ind1=" " ind2=" ">
   <subfield code="i">Blocktest</subfield>
  </datafield>
  <datafield tag="936" ind1="r" ind2="v">
   <subfield code="a">ZI 7400</subfield>
   <subfield code="b">Holzbau, Fachwerkbau</subfield>
   <subfield code="k">Bauingenieurwesen</subfield>
   <subfield code="k">Bauweisen</subfield>
   <subfield code="k">Holzbau, Fachwerkbau</subfield>
   <subfield code="0">(DE-627)127134744X</subfield>
   <subfield code="0">(DE-625)rvk/156599:</subfield>
   <subfield code="0">(DE-576)20134744X</subfield>
  </datafield>
  <datafield tag="936" ind1="b" ind2="k">
   <subfield code="a">50.37</subfield>
   <subfield code="j">Technische Optik</subfield>
   <subfield code="0">(DE-627)106421352</subfield>
  </datafield>
  <datafield tag="936" ind1="b" ind2="k">
   <subfield code="a">56.14</subfield>
   <subfield code="j">Holzbau</subfield>
   <subfield code="0">(DE-627)106410253</subfield>
  </datafield>
  <datafield tag="951" ind1=" " ind2=" ">
   <subfield code="a">BO</subfield>
  </datafield>
  <datafield tag="990" ind1=" " ind2=" ">
   <subfield code="a">Fachwerkbau</subfield>
  </datafield>
  <datafield tag="990" ind1=" " ind2=" ">
   <subfield code="a">Infrarotthermographie</subfield>
  </datafield>
  <datafield tag="990" ind1=" " ind2=" ">
   <subfield code="a">Thermografie</subfield>
  </datafield>
  <datafield tag="990" ind1=" " ind2=" ">
   <subfield code="a">Fachwerk</subfield>
  </datafield>
  <datafield tag="991" ind1=" " ind2=" ">
   <subfield code="a">Rezensiertes Werk</subfield>
  </datafield>
  <datafield tag="999" ind1=" " ind2=" ">
   <subfield code="a">KXP-PPN01273473X</subfield>
   <subfield code="e">4178815938</subfield>
  </datafield>
 </record>
</collection>
